000 00837nam a22003017a 4500
003 CHAP
005 20220329135631.0
008 971013s r 00010 d
010 _a39660
011 _a40632
035 _a44758
040 _cCHAP
082 _a633.895
_bM66
100 0 0 _aMoore, A.
_978052
245 _aRubber-growing, elementary principles and practice
260 _a(s.l. :
_bs.e.),
_c(s.a.)
300 _a82 p.
_b: ilus
490 _aPlanting manual
_v; 7
500 _aCopia fotográfica
590 _aBATCH-UPD
_b10
_c20130110
_lUCH01
_h1517
590 _aCONVERSION
_b10
_c20130109
_lUCH01
_h1322
650 1 4 _aCaucho.
_920537
650 1 4 _aHevea.
_955088
830 0 _aPlanting manual
_v; 7
_989097
901 _aBK
942 _cLIBRO
949 _a633.895 M66
_bBC
_cLIBRO
_d-102543
_eLIBRO
_h22889
_i44758
_si
999 _c39660
_d39660